000 00495nam a2200145Ia 4500
008 100204s9999 xx 000 0 und d
082 _b3415
100 _aजोशी विमला
245 _aकोथिंबिरीची फुले
260 _b"कल्पना मुद्र्रणालय, पुणे"
300 _a110
630 _aकोथिंबिरीची फुले
730 _aकोथिंबिरीची फुले
942 _cBOOK
999 _c465538
_d465535